000 00668nam a2200253Ia 4500
003 OSt
005 20221005043246.0
006 a|||||r|||| 00| 0
007 ta
008 221004b |||||||| |||| 00| 0 eng d
024 _a56684
037 _cTextual
040 _aCRL
_cCRL
_beng
041 _2eng
_aeng
082 _aU.983, M5
100 _aBonner W N Ed.
_9591340
245 0 _aKey environments Antarctica
260 _aEngland
_bPergamon
_c1985
300 _a381p.
_ccm.
650 _aGEOGRAPHY
700 _a Walton D W H Ed.
_9332430
942 _hU.983, M5
_cTEXL
_2cc
999 _c951563
_d951563